| 000 -NÁVESTIE |
| fixed length control field |
01479nam a2200409 a 4500 |
| 001 - EVIDENČNÉ ČÍSLO ZÁZNAMU - Kontrolné číslo |
| control field |
vtls001460463 |
| 005 - DÁTUM A ČAS POSLEDNEJ TRANSAKCIE |
| control field |
20201015073751.0 |
| 008 - ÚDAJE S PEVNOU DĹŽKOU – VŠEOBECNÉ INFORMÁCIE |
| fixed length control field |
180216s2003 xo a 0 slo |
| 020 ## - MEDZINÁRODNÉ ŠTANDARDNÉ ČÍSLO KNIHY (ISBN) |
| Medzinárodné štandardné číslo knihy (ISBN) |
8080462437 |
| 035 ## - Iný štandardný identifikátor |
| Iný štandardný identifikátor |
SNK000415770 |
| 035 ## - Iný štandardný identifikátor |
| Iný štandardný identifikátor |
urn:nbn:sk:snk-amygyg |
| 035 ## - Iný štandardný identifikátor |
| Iný štandardný identifikátor |
urn:nbn:sk:snk-am00ck7t |
| 035 ## - Iný štandardný identifikátor |
| Iný štandardný identifikátor |
54E4C348-94CB-46DB-829A-C70D72B7FDF9 |
| 040 ## - ZDROJ KATALOGIZÁCIE |
| Pôvodná katalogizujúca agentúra |
SNK |
| Jazyk katalogizácie |
slo |
| Prepisujúca agentúra |
SNK |
| Konvencie popisu |
AACR2 |
| 041 0# - KÓD JAZYKA |
| Kód jazyka textu/zvukovej stopy alebo samostatných nápisov |
slo |
| 044 ## - KÓD KRAJINY VYDAVATEĽA/PRODUCENTA |
| Kód krajiny MARC |
xo |
| Kód krajiny ISO |
SK |
| 072 #7 - KÓD PREDMETOVEJ KATEGÓRIE |
| Kód predmetovej kategórie |
613 |
| Pododdiel kódu predmetovej kategórie |
Hygiena. Ľudské zdravie |
| Zdroj |
konspekt |
| 080 ## - ČÍSLO MEDZINÁRODNÉHO DESATINNÉHO TRIEDENIA (MDT) |
| Číslo Medzinárodného desatinného triedenia (MDT) |
613.9 |
| Identifikátor vydania |
1981 |
| 080 ## - ČÍSLO MEDZINÁRODNÉHO DESATINNÉHO TRIEDENIA (MDT) |
| Číslo Medzinárodného desatinného triedenia (MDT) |
618.2/.7 |
| Identifikátor vydania |
1981 |
| 080 ## - ČÍSLO MEDZINÁRODNÉHO DESATINNÉHO TRIEDENIA (MDT) |
| Číslo Medzinárodného desatinného triedenia (MDT) |
(035) |
| Identifikátor vydania |
1981 |
| 080 ## - ČÍSLO MEDZINÁRODNÉHO DESATINNÉHO TRIEDENIA (MDT) |
| Číslo Medzinárodného desatinného triedenia (MDT) |
(084.12) |
| Identifikátor vydania |
1981 |
| 100 1# - OSOBNÉ MENÁ – VŠEOBECNÉ INFORMÁCIE |
| Osobné meno |
Fenwick, Elizabeth |
| -- |
1845 |
| 240 10 - UNIFIKOVANÝ NÁZOV |
| Unifikovaný názov |
The complete book of mother and baby care |
| Jazyk diela |
Slovensky |
| 245 1# - NÁZOV |
| Názov |
Veľká kniha o matke a dieťati |
| Údaj o zodpovednosti atď. |
Elizabeth Fenwicková ; [z anglického originálu preložili Adela Böhmerová a Beáta Baranová] |
| 250 ## - ÚDAJ O PORADÍ VYDANIA |
| Údaj o poradí vydania |
11. podstatne preprac. vyd. |
| 260 ## - VYDAVATEĽSKÉ ÚDAJE, DISTRIBÚCIA ATĎ. |
| Miesto publikovania, distribúcie atď. |
Bratislava |
| Názov vydavateľa, distibútora atď. |
Perfekt |
| Dátum publikovania, distribúcie atď. |
2003 |
| 300 ## - FYZICKÝ POPIS |
| Rozsah |
264 s. |
| Ďalšie fyzické detaily |
fareb. fotogr., tab. |
| Rozmery |
29 cm |
| 500 ## - VŠEOBECNÁ POZNÁMKA |
| Formátovaná poznámka o obsahu |
Rozlož. fareb. fotogr. na tit. strane |
| 500 ## - VŠEOBECNÁ POZNÁMKA |
| Formátovaná poznámka o obsahu |
Na tit. strane uvedené Nové, dôkladne prepracované vydanie |
| 650 07 - PRIDANÝ VSTUP – PREDMET – TEMATICKÉ HESLO |
| Tematické heslo alebo geografický názov ako vstupný prvok |
starostlivosť o dieťa |
| Zdroj hesla alebo termínu |
SNKPH |
| -- |
1841 |
| 650 07 - PRIDANÝ VSTUP – PREDMET – TEMATICKÉ HESLO |
| Tematické heslo alebo geografický názov ako vstupný prvok |
tehotenstvo |
| Zdroj hesla alebo termínu |
SNKPH |
| -- |
1624 |
| 655 #7 - INDEXAČNÝ TERMÍN – ŽÁNER/FORMA |
| Údaje o žánri/forme alebo termín, ktorý je prvok fazety |
príručky |
| Zdroj termínu |
SNKPH |
| -- |
1541 |
| 655 #7 - INDEXAČNÝ TERMÍN – ŽÁNER/FORMA |
| Údaje o žánri/forme alebo termín, ktorý je prvok fazety |
fotografické publikácie |
| Zdroj termínu |
SNKPH |
| -- |
1846 |
| 700 1# - PRIDANÝ VSTUP – OSOBNÉ MENO |
| Osobné meno |
Böhmerová, Ada, |
| Dátumy súvisiace s menom |
1947- |
| Kód roly |
trl |
| -- |
1843 |
| 700 1# - PRIDANÝ VSTUP – OSOBNÉ MENO |
| Osobné meno |
Baranová, Beáta |
| Kód roly |
trl |
| -- |
1844 |